Obras completas / (Record no. 179954)

MARC details
000 -LEADER
campo de control de longitud fija 02243nam a2200277 i 4500
001 - NÚMERO DE CONTROL
campo de control 179954
003 - IDENTIFICADOR DE NÚMERO DE CONTROL
campo de control ES-MaACL
005 - FECHA Y HORA DE LA ÚLTIMA TRANSACCIÓN
campo de control 20250719173737.0
008 - DATOS DE LONGITUD FIJA--INFORMACIÓN GENERAL
campo de control de longitud fija 120307m19992005sp |||| |dspa d
020 ## - NÚMERO INTERNACIONAL ESTÁNDAR DEL LIBRO
Número Internacional Estándar del Libro 84-89794-23-5
080 ## - NÚMERO DE LA CLASIFICACIÓN DECIMAL UNIVERSAL
Número de la Clasificación Decimal Universal 821.134.2-3"18"
100 1# - ENTRADA PRINCIPAL--NOMBRE DE PERSONA
Nombre de persona Pardo Bazán, Emilia,
Títulos y otros términos asociados al nombre Condesa de,
Fechas asociadas al nombre 1851-1921
9 (RLIN) 176434
245 10 - MENCIÓN DEL TÍTULO
Título Obras completas /
Mención de responsabilidad, etc. Emilia Pardo Bazán ; [edición y prólogo de Darío Villanueva y José Manuel González Herrán].
260 ## - PUBLICACIÓN, DISTRIBUCIÓN, ETC.
Lugar de publicación, distribución, etc. Madrid :
Nombre del editor, distribuidor, etc. Fundación José Antonio De Castro,
Fecha de publicación, distribución, etc. [1999-2005]
300 ## - DESCRIPCIÓN FÍSICA
Extensión 10 v. ;
Dimensiones 23 cm.
490 1# - MENCIÓN DE SERIE
Mención de serie Biblioteca Castro
504 ## - NOTA DE BIBLIOGRAFÍA, ETC.
Nota de bibliografía, etc. Bibliografía.
505 8# - NOTA DE CONTENIDO CON FORMATO
Nota de contenido con formato Contiene: 1-5 ;
Título Novelas (XXXIX, 826 p.; XXV, 905 p.; XXVIII 963 p.; XXV, 777 p.; XXIV, 744 p.) - 6 ;
-- Novelas cortas (XXVII, 965 p.) - 7-10 ;
-- Cuentos (XXXIII, 410 p.; XXIX, 841 p.; XXIX, 751 p.; XXXVI, 738 p.)
505 8# - NOTA DE CONTENIDO CON FORMATO
Nota de contenido con formato Contiene: 1: Pascual López. Autobiografía de un estudiante de medicina. Un viaje de novios. La Tribuna. El cisne de Vilamorta - 2: Los pazos de Ulloa. La madre naturaleza. Insolación. Morriña - 3: Una cristiana. La prueba. La piedra angular. Doña Milagros. Memorias de un solterón - 4: El tesoro de Gastón. El saludo de las brujas. El niño de Guzmán. Misterio - 5: La quimera. La sirena negra. Dulce dueño - 6: Novelas ejemplares: Los tres arcos de Cirilo. Un drama. Mujer. Novelas cortas: El áncora. Cada uno... Allende la verdad. Belcebú. Finafrol. Lo gota de sangre. Arrastrado. En las cavernas. La muerte del poeta. La aventura de Isidro. La última fada. Clavileño. Dioses. La Pepona. La Serpe. Rodando - 7: La dama joven. Cuentos escogidos. Cuentos de Marineda - 8: Cuentos nuevos. Arco iris. Cuentos de amor. Cuentos sacro-profanos - 9: Un destripador de antaño (historias y cuentos de Galicia). En tranvía (cuentos dramáticos). Cuentos de Navidad y Reyes. Cuentos de la patria. Cuentos antiguos. Lecciones de literatura - 10: El fondo del alma. Sud-exprés (cuentos actuales). Cuentos trágicos. Cuentos de la tierra
700 1# - ENTRADA AGREGADA--NOMBRE PERSONAL
Nombre de persona Villanueva, Darío,
Fechas asociadas al nombre 1950-
9 (RLIN) 241353
700 1# - ENTRADA AGREGADA--NOMBRE PERSONAL
Nombre de persona González Herrán, José Manuel.
9 (RLIN) 58708
830 0# - PUNTO DE ACCESO ADICIONAL DE SERIE-TÍTULO UNIFORME
Título uniforme Biblioteca Castro
9 (RLIN) 178957
852 ## - LOCALIZACIÓN
Ubicación ES-MaACL
Número de control de estantería L-29821-30
942 ## - ELEMENTOS DE ENTRADA SECUNDARIOS (KOHA)
Fuente del sistema de clasificación o colocación Clasificación decimal universal
Holdings
Estatus retirado Estado de pérdida Estado de daño No para préstamo Biblioteca de origen Biblioteca actual Ubicación en estantería Fecha de adquisición Fuente de adquisición Total de préstamos Signatura topográfica completa Código de barras Visto por última vez Precio de reemplazo Tipo de ítem Koha
        Biblioteca del Ateneo de Madrid Biblioteca del Ateneo de Madrid Depósito 2 07/03/2012     L-29821-30 1189055 23/02/2023 23/02/2023 Libro impreso